Xarxa de territoris lliures de violències masclistes
Descripción Física:
1 díptic ; il. col. ; 21 x 30 cm
Colección:
Projectes transformadors. Les persones
Materias:
Violència envers les dones
Idioma:
Catalán
MARC
| LEADER | 00000nam a22000007a 4500 | ||
|---|---|---|---|
| 001 | 27643 | ||
| 003 | Arxiu | ||
| 005 | 20260324181158.0 | ||
| 008 | 230404b spa||||| |||| 00| 0 cat d | ||
| 017 | |a B 22984-2022 | ||
| 040 | |a agdb |b cat | ||
| 245 | |a Xarxa de territoris lliures de violències masclistes | ||
| 260 | |a Barcelona : |b Diputació de Barcelona ; |c 2022 | ||
| 300 | |a 1 díptic ; |b il. col. ; |c 21 x 30 cm | ||
| 490 | |a Projectes transformadors. Les persones | ||
| 650 | 0 | |9 42204 |a Violència envers les dones | |
| 710 | |a Barcelona (Catalunya : Província). |b Àrea d'Igualtat i Sostenibilitat Social |9 55833 | ||
| 942 | |2 udc |c ARXIU |n 1 | ||
| 952 | |0 0 |1 0 |2 udc |4 0 |6 FU7529 |7 1 |9 65931 |a Arxiu |b Arxiu |d 2023-04-04 |l 0 |o FU-75-29 |p 27643 |r 2023-04-04 00:00:00 |w 2023-04-04 |y ARXIU | ||
| 999 | |c 83308 |d 83308 | ||